| 000 | 01021cam a2200265 i 4500 | ||
|---|---|---|---|
| 003 | SA-RiAUC | ||
| 005 | 20241218145135.0 | ||
| 008 | 241218s1963 le f g 00000 ara c | ||
| 040 |
_aSA-RiKSU _bara _cSA-RiAUC _erda |
||
| 082 | 0 | 4 |
_a243 _qSA-RiAUC |
| 090 |
_a243 _b ج س ر |
||
| 100 | 1 |
_aالجسر، نديم، _d1897-1980 _eمؤلف. |
|
| 245 | 1 | 0 |
_aقصة الإيمان بين الفلسفة والعلم والقرآن / _cنديم عبد الله الجسر. |
| 250 | _aالطبعة الثانية. | ||
| 264 | 1 |
_aبيروت : _bدار الأندلس للطباعة والنشر، _c1963 |
|
| 300 |
_a405 صفحة : _bلوحات ؛ _c24 سم |
||
| 336 |
_aنص _btxt _2rdacontent _3كتاب |
||
| 337 |
_aبدون وسيط _bn _2rdamedia |
||
| 338 |
_aمجلد _bnc _2rdacarrier |
||
| 650 | 7 |
_aالإيمان (إسلام) _2aucsh |
|
| 650 | 7 |
_aالإيمان _xفلسفة _2aucsh |
|
| 650 | 7 |
_aالإيمان (فقه إسلامي) _2aucsh |
|
| 942 |
_2ddc _cBOOK _n0 |
||
| 949 |
_aSA-JeALM _d241218 _umohamedma123 _n1 |
||
| 999 |
_c3653 _d3653 |
||